Представление документа в формате MARC21

Поле Инд. ПП Название Значение
Тип записи a
Библиографический уровень b
001 Контрольный номер RU/IS/BASE/141318893
005 Дата корректировки 20200522190747.0
084 a Индекс другой классификации/Индекс ББК 60.542.18; 88.54
100 1_ a Автор Максимова С. Г.
245 a Заглавие Старость: социальное отчуждение или социальное принятие?
504 a Библиография Библиогр. ссылки. - Примеч.
650 a Основная рубрика психология
a Основная рубрика психология групп
a Основная рубрика социальная психология
a Основная рубрика социология
a Основная рубрика социология групп
653 a Ключевые слова "разобщения" теория
a Ключевые слова возрастная стратификация
a Ключевые слова геронтологические теории
a Ключевые слова геронтология
a Ключевые слова пожилые люди
a Ключевые слова символический интеракционизм
a Ключевые слова социальная геронтология
a Ключевые слова социально-психологический подход
a Ключевые слова социология старости
a Ключевые слова старение
a Ключевые слова старость
a Ключевые слова теория возрастной стратификации
773 t Заглавие источника Вестник Московского университета. Серия 18, Социология и политология
d Дата издания источника 2002
g Прочая информация № 4. - С. 179 - 193
w Контрольный № источника RU/IS/BASE/148578004
901 t Тип документа b